Principles of language learning and teaching
Salvato in:
| Autore principale: | |
|---|---|
| Natura: | Libro |
| Lingua: | inglese |
| Pubblicazione: |
Nueva York
Addison Wesley Longman
2000
|
| Edizione: | 4a. ed |
| Soggetti: | |
| Tags: |
Aggiungi Tag
Nessun Tag, puoi essere il primo ad aggiungerne!!
|
MARC
| LEADER | 00000nam a2200000 a 4500 | ||
|---|---|---|---|
| 001 | UCI4199 | ||
| 003 | CL-VaPUC | ||
| 008 | 071228e20000000US |||||||||||||||||eng|d | ||
| 020 | |a 0130178160 | ||
| 082 | 0 | 4 | |a 418.0071 |b BRO |2 21 |
| 100 | 0 | |a Brown, H. Douglas |e author |9 525938 | |
| 245 | 1 | 0 | |a Principles of language learning and teaching |
| 250 | |a 4a. ed | ||
| 300 | |a 352 p | ||
| 942 | |c BK | ||
| 945 | |d 20071228 00:00:00 |a cmena | ||
| 260 | |a Nueva York |b Addison Wesley Longman |c 2000 | ||
| 650 | 0 | |a Lingüística aplicada |9 313266 | |
| 650 | 0 | |a Educación lingüística |9 306506 | |
| 650 | 0 | |a Lengua inglesa |9 318842 | |
| 650 | 0 | |a Enseñanza del inglés |9 367340 | |
| 650 | 0 | |a Sociolingüística |9 263716 | |
| 583 | |a last modification |c 20071228 00:00:00 |k Rodrigo Vera | ||
| 999 | |c 328180 |d 328178 | ||
| 952 | |0 0 |1 0 |4 0 |6 418_007100000000000_BRO_2000 |7 0 |8 A |9 411976 |a BIBEDU |b BIBEDU |c ES_NOD |d 2019-11-22 |i 4399080 |o 418.0071 BRO 2000 |p 4399080 |r 2023-08-09 |w 2019-11-22 |y BK |k LIT | ||